| 000 | 01252nam a2200229Ia 4500 | ||
|---|---|---|---|
| 003 | Ost | ||
| 005 | 20260507075047.0 | ||
| 008 | 260507s9999||||xx |||||||||||||| ||und|| | ||
| 040 | _cfsecg | ||
| 041 | _aara | ||
| 082 | _a300 | ||
| 100 |
_aحمودي، سعدي شاكر _eمؤلف |
||
| 245 | 0 |
_aمبادئ علم الإحصاء وتطبيقاته في المجالين التربوي والإجتماعي / _c سعدي شاكر حمودي |
|
| 260 |
_aعمان: _bالدار العلمية الدولية, _c2000 |
||
| 300 |
_a272 صفحة؛ _bإيضاحات ؛ _c24 سم |
||
| 504 | _aببليوغرافيا: ص. 258 كشاف ص. 260 | ||
| 520 | _aالإحصاء وأهميته في العلوم الإجتماعية والتربوية-أدوات البحث-جدولة البيانات الإحصائية-العرض البياني-مقاييس النزعة المركزية- مقاييس التشتت-العينات-الإرتباط والإنحدار-إختبارات الدلالة الإحصائية-الإحصاءات الحيوية ومقاييسها | ||
| 653 | _aالإحصاء - المعاملات الإرتباطية | ||
| 653 | _aالإحصاء الوصفي | ||
| 653 | _aالعلوم الإجتماعية | ||
| 942 | _cكتاب | ||
| 999 |
_c42586 _d42586 |
||